[Event "Moehnesee Cup-B"]
[Site "Moehnesee"]
[Date "2005.08.18"]
[Round "1"]
[White "Kosfeld, Thorsten"]
[Black "Huemmecke, Miriam"]
[Result "1-0"]
[WhiteElo "1587"]
[BlackElo "914"]
[PlyCount "79"]
[EventDate "2005.08.18"]
[EventType "swiss"]
[EventRounds "7"]
[EventCountry "GER"]
[SourceTitle "CBM 108 Extra"]
[Source "ChessBase"]
[SourceDate "2005.11.04"]
[SourceVersion "1"]
[SourceVersionDate "2005.11.04"]
[SourceQuality "1"]

1. e4 e5 2. Nf3 Nc6 3. Bc4 Nf6 4. Ng5 d5 5. exd5 Nd4 6. c3 Nf5 7. Qb3 Qe7 8. Bb5+ Nd7 9. d3 g6 10. 0-0 Bh6 11. Nf3 0-0 12. Bxh6 Nxh6 13. Re1 Re8 14. Bxd7 Bxd7 15. Rxe5 Qd6 16. Rxe8+ Rxe8 17. Qxb7 Re2 18. Nbd2 Qc5 19. Ne4 Qe7 20. Kf1 Rxe4 21. dxe4 Qxe4 22. Qxc7 Qxd5 23. Qxa7 Ng4 24. Qb8+ Kg7 25. Qf4 Qd3+ 26. Kg1 Qe2 27. Qd4+ Nf6 28. b3 Qb2 29. c4 Qxd4 30. Nxd4 Kf8 31. b4 Ke8 32. b5 Kd8 33. b6 Kc8 34. c5 Ne4 35. c6 Be8 36. b7+ Kc7 37. Rb1 Kb8 38. c7+ Kxc7 39. b8Q+ Kd7 40. Rb7# 1-0